UBT Library

The crime of poverty; (Record no. 40703)

000 -LEADER
fixed length control field 00621nam a2200217 4500
001 - CONTROL NUMBER
control field 780735
005 - DATE AND TIME OF LATEST TRANSACTION
control field 20180123033657.0
008 - FIXED-LENGTH DATA ELEMENTS--GENERAL INFORMATION
fixed length control field 740129s1973 ilu b 000 0 eng
010 ## - LIBRARY OF CONGRESS CONTROL NUMBER
LC control number 73081695
040 ## - CATALOGING SOURCE
Original cataloging agency DLC
Transcribing agency DLC
Modifying agency DLC
041 ## - LANGUAGE CODE
Language code of text/sound track or separate title eng
043 ## - GEOGRAPHIC AREA CODE
Geographic area code n-us---
080 ## - UNIVERSAL DECIMAL CLASSIFICATION NUMBER
Universal Decimal Classification number 362.50973 mar
082 00 - DEWEY DECIMAL CLASSIFICATION NUMBER
Classification number 362.50973 mar
100 1# - Rafti
Rafti 20
101 ## - Shkurtesa
Shkurtesa pol
245 14 - TITLE STATEMENT
Title The crime of poverty;
Statement of responsibility, etc [by] Mark G. Arnold [and] Greg Rosenbaum.
504 ## - BIBLIOGRAPHY, ETC. NOTE
Bibliography, etc Includes bibliographical references.
906 ## - LOCAL DATA ELEMENT F, LDF (RLIN)
a 7
b cbc
c orignew
d 2
e opcn
f 19
g y-gencatlg
942 ## - ADDED ENTRY ELEMENTS (KOHA)
Source of classification or shelving scheme
Item type Books
Holdings
Withdrawn status Lost status Source of classification or shelving scheme Damaged status Not for loan Collection code Permanent location Current location Shelving location Date acquired Total Checkouts Full call number Barcode Date last seen Price effective from Koha item type
          Koleksioni i përgjithshem UBT - Lipjan UBT - Lipjan Koleksioni i përgjithshem 01/23/2018   362.50973 mar 002-2996084 01/23/2018 01/23/2018 Books
UBT Library © 2015-2024. All rights reserved University Education for Business and Technology